[Event "Championnat de France des Jeunes - Pupi"]
[Site "LA ROCHE SUR YON"]
[Date "2008.04.26"]
[Round "8.8"]
[White "Valente, Alexandre"]
[Black "Becache, Matthias"]
[Result "1-0"]
[WhiteElo "1910"]
[BlackElo "1620"]
[Annotator "Salaun,Michel"]
[PlyCount "95"]
[EventDate "2008.04.27"]
[EventType "swiss"]
[EventRounds "9"]
[EventCountry "FRA"]

1. e4 e5 2. Nf3 Nc6 3. Bb5 Nge7 4. O-O d6 5. c3 Bd7 6. d4 g6 7. d5 Nb8 8. Bxd7+
Nxd7 9. Be3 Bg7 10. c4 O-O 11. Qc1 f6 12. Nc3 g5 13. b4 h6 14. Nd2 f5 15. f3 f4
16. Bf2 h5 17. c5 a6 18. Qb2 g4 19. cxd6 cxd6 20. Rac1 Nc8 21. Rc2 Rf7 22. Rfc1
Ndb6 23. Ne2 Rb8 {(=)} 24. Nc4 gxf3 25. gxf3 Bf8 26. Nxb6 Nxb6 27. Kh1 Rg7 {(=)
} 28. Qb1 Kh7 29. Rg1 Nd7 30. Rxg7+ Bxg7 31. Qc1 Nb6 32. Rc7 Na8 33. Rc2 Nb6
34. Bxb6 Qxb6 35. Rc7 Qxb4 36. Ng1 Qb6 37. Nh3 Kg6 38. Qc2 Kf6 39. Nf2 Rg8 40.
Nh3 Bh6 41. Qc1 Qb5 42. Ng1 Rg7 43. Rc8 Qb6 44. Rf8+ Kg6 45. Qc8 Bg5 46. Qf5+
Kh6 47. Rh8+ Rh7 48. Rxh7# 1-0

[Event "Championnat de France des Jeunes - Benj"]
[Site "LA ROCHE SUR YON"]
[Date "2008.04.26"]
[Round "8.7"]
[White "Treand, Victor"]
[Black "Thon, Gabriel"]
[Result "0-1"]
[WhiteElo "1797"]
[BlackElo "1925"]
[Annotator "Salaun,Michel"]
[PlyCount "92"]
[EventDate "2008.04.27"]
[EventType "swiss"]
[EventRounds "9"]
[EventCountry "FRA"]

1. c4 e5 2. g3 Nc6 3. Bg2 f5 4. Nc3 Nf6 5. e3 g6 6. Nge2 Bg7 7. O-O O-O 8. d4
d6 9. Rb1 Ne7 10. b3 c6 11. Ba3 Ne8 12. Qd2 Qa5 13. Bc1 Qc7 14. Rd1 Be6 15. Bb2
Bh6 16. Qc2 g5 17. dxe5 dxe5 18. Na4 Ng6 19. Nc5 Bc8 20. Qd3 b6 21. Na4 Be6 22.
Nac3 Rc8 23. Ba3 c5 24. Bb2 e4 25. Qd2 Qf7 26. Nb5 Rc6 27. Qe1 a6 28. Nbc3 Bg7
29. Rd2 Ne5 30. Qd1 Nf3+ 31. Bxf3 exf3 32. Nc1 Qh5 33. Nd5 Bxd5 34. Bxg7 Nxg7
35. Rxd5 Rg6 36. h4 gxh4 37. Rd6 Ne6 38. Rxe6 Rxe6 39. Qd5 Rfe8 40. Nd3 hxg3
41. fxg3 Qh3 42. Nf4 Qxg3+ 43. Kf1 Kh8 44. Qxf5 Rxe3 45. Qf6+ Kg8 46. Rd1 Re1+
0-1

[Event "Championnat de France des Jeunes - Pupi"]
[Site "LA ROCHE SUR YON"]
[Date "2008.04.26"]
[Round "8.10"]
[White "Cohen-Solal, Leo"]
[Black "Pruvot, Louis"]
[Result "0-1"]
[WhiteElo "1780"]
[BlackElo "1630"]
[Annotator "Salaun,Michel"]
[PlyCount "87"]
[EventDate "2008.04.27"]
[EventType "swiss"]
[EventRounds "9"]
[EventCountry "FRA"]

1. e4 d6 2. d4 Nf6 3. Nc3 c6 4. f4 Qa5 5. Bd3 e5 6. dxe5 dxe5 7. h3 exf4 8.
Bxf4 Bc5 9. Qd2 Be6 10. g4 Na6 11. Be3 Bxe3 12. Qxe3 Nc5 13. Nf3 Na4 14. O-O
Nxc3 15. bxc3 Qxc3 16. e5 Nd5 17. Qg5 h5 18. Qxg7 O-O-O 19. Qg5 hxg4 20. Qd2
gxf3 21. Qxc3 Nxc3 22. Rxf3 Rxh3 23. Rxh3 Bxh3 24. Kh2 Be6 25. Rf1 Rd5 26. Bf5
Rxe5 27. Bxe6+ fxe6 28. Rf8+ Kc7 29. Rf7+ Kb6 30. Rf3 Nxa2 31. Rb3+ Kc7 32. Kg2
Re2+ 33. Kf3 Rxc2 34. Re3 Kd6 35. Ke4 b5 36. Rd3+ Kc5 37. Re3 b4 38. Kd3 Rc3+
39. Kd2 Rxe3 40. Kc2 Rc3+ 41. Kb2 b3 42. Kb1 Kb4 43. Kb2 e5 44. Kb1 0-1

[Event "Championnat de France des Jeunes - Benj"]
[Site "LA ROCHE SUR YON"]
[Date "2008.04.26"]
[Round "8.6"]
[White "Ane, Cedric"]
[Black "Roques, Olivier"]
[Result "1-0"]
[WhiteElo "2020"]
[BlackElo "1620"]
[Annotator "Salaun,Michel"]
[PlyCount "81"]
[EventDate "2008.04.27"]
[EventType "swiss"]
[EventRounds "9"]
[EventCountry "FRA"]

1. e4 c5 2. Nf3 d6 3. c3 Nc6 4. h3 Nf6 5. Bd3 e6 6. O-O Be7 7. Bc2 Qc7 8. Re1
O-O 9. d4 cxd4 10. cxd4 Nb4 11. Bb3 d5 12. e5 Nd7 13. a3 Nc6 14. Qd3 Re8 15.
Ng5 Nf8 16. Bc2 Bxg5 17. Bxg5 Ne7 18. Nc3 a6 19. h4 Qb6 20. Na4 Qc6 21. Rac1 h6
22. Bd2 Qc7 23. Qg3 Kh8 24. Bb4 Qd8 25. Bc5 b5 26. Bb6 Qd7 27. Nc5 Qc6 28. Ba5
Nf5 29. Qg4 Nd7 30. Bb1 Rf8 31. Rc3 Nxc5 32. Rxc5 Qe8 33. Rc7 Rg8 34. Rec1 f6
35. h5 fxe5 36. dxe5 g6 37. Qf4 g5 38. Bxf5 exf5 39. Qd4 Be6 40. Qb6 Rd8 41.
R7c6 1-0

[Event "Championnat de France des Jeunes - Benj"]
[Site "LA ROCHE SUR YON"]
[Date "2008.04.26"]
[Round "8.8"]
[White "Boure, Hugo"]
[Black "Brunier, Jules"]
[Result "0-1"]
[WhiteElo "1781"]
[BlackElo "1886"]
[Annotator "Salaun,Michel"]
[PlyCount "48"]
[EventDate "2008.04.27"]
[EventType "swiss"]
[EventRounds "9"]
[EventCountry "FRA"]

1. e4 e6 2. d4 d5 3. Nc3 Nf6 4. Bg5 Bb4 5. e5 h6 6. Be3 Ne4 7. Qg4 g6 8. a3
Bxc3+ 9. bxc3 Nxc3 10. Bd3 Nc6 11. h4 Ne7 12. h5 g5 13. f4 Nf5 14. Bd2 Ne4 15.
Bxe4 dxe4 16. fxg5 hxg5 17. Ne2 e3 18. Bc1 Bd7 19. Ng3 c5 20. Nxf5 exf5 21. Qd1
Qa5+ 22. Ke2 f4 23. Kf3 Qc3 24. Rb1 e2+ 0-1

[Event "Championnat de France des Jeunes - Cade"]
[Site "LA ROCHE SUR YON"]
[Date "2008.04.26"]
[Round "8.6"]
[White "Cheype, Marie"]
[Black "Cechetto, Lea"]
[Result "0-1"]
[WhiteElo "1809"]
[BlackElo "1752"]
[Annotator "Salaun,Michel"]
[PlyCount "36"]
[EventDate "2008.04.27"]
[EventType "swiss"]
[EventRounds "9"]
[EventCountry "FRA"]

1. e4 e5 2. Nf3 Nc6 3. Bb5 a6 4. Bxc6 dxc6 5. O-O Bg4 6. h3 Bxf3 7. Qxf3 Qf6 8.
Qb3 O-O-O 9. d3 g5 10. Nd2 h5 11. g3 Bc5 12. Kg2 Ne7 13. Nc4 g4 14. h4 Qf3+ 15.
Kg1 Qxg3+ 16. Kh1 Qxh4+ 17. Kg2 Qh3+ 18. Kg1 g3 0-1

[Event "Championnat de France des Jeunes - Benj"]
[Site "LA ROCHE SUR YON"]
[Date "2008.04.26"]
[Round "8.9"]
[White "Adeimi, Michel"]
[Black "Ozenne, Corentin"]
[Result "0-1"]
[WhiteElo "2110"]
[BlackElo "1881"]
[Annotator "Salaun,Michel"]
[PlyCount "165"]
[EventDate "2008.04.27"]
[EventType "swiss"]
[EventRounds "9"]
[EventCountry "FRA"]

1. e4 c5 2. Nf3 e6 3. c3 d6 4. d4 cxd4 5. cxd4 Nf6 6. Nc3 Be7 7. Be2 O-O 8. O-O
Nc6 9. Be3 a6 10. Rc1 Re8 11. Nd2 Bf8 12. f4 e5 13. fxe5 dxe5 14. d5 Nd4 15.
Nf3 Nxe2+ 16. Qxe2 b5 17. Bg5 Qb6+ 18. Kh1 Nd7 19. Nh4 f6 20. Be3 Qa5 21. Qh5
Bb7 22. a3 b4 23. axb4 Qxb4 24. Qe2 a5 25. Nf5 Ba6 26. Qg4 Bxf1 27. Rxf1 g6 28.
h4 Kf7 29. h5 gxf5 30. Qxf5 Ke7 31. d6+ Qxd6 32. Rd1 Qe6 33. Nb5 Kd8 34. Bb6+
Kc8 35. Rc1+ Kb8 36. Bc7+ Kb7 37. Qf1 Qa6 38. Qf5 Nc5 39. Qxh7 Qc6 40. Bd6+ Ka6
41. Rxc5 Qxd6 42. Nc7+ Kb6 43. Rb5+ Kc6 44. Nxe8 Qd1+ 45. Kh2 Kxb5 46. Nc7+ Ka4
47. Nxa8 Bc5 48. b3+ Ka3 49. Nc7 Bg1+ 50. Kh3 Qxb3+ 51. Kg4 Kb2 52. Nd5 a4 53.
Qh6 Qd1+ 54. Kf5 a3 55. Qf8 Qxh5+ 56. Ke6 Qg4+ 57. Kxf6 Qxe4 58. Qb8+ Kc1 59.
Qc7+ Qc2 60. Qxe5 Qb2 61. Nc3 Qf2+ 62. Ke6 Qb6+ 63. Kf5 Qf2+ 64. Ke6 Qe3 65.
Ne4 Qd4 66. Qf4+ Kb2 67. Qb8+ Qb6+ 68. Qxb6+ Bxb6 69. Nd6 Kb3 70. Kd5 a2 71.
Nc4 a1=Q 72. Nxb6 Qd1+ 73. Kc5 Qg1+ 74. Kc6 Qxg2+ 75. Kc5 Qg4 76. Nd5 Qc4+ 77.
Kd6 Qb5 78. Nc7 Qb6+ 79. Kd7 Kc4 80. Ne6 Kd5 81. Nf4+ Ke5 82. Ng6+ Qxg6 83. Ke7
0-1

[Event "Championnat de France des Jeunes - Cade"]
[Site "LA ROCHE SUR YON"]
[Date "2008.04.26"]
[Round "8.7"]
[White "Burel, Gwenaelle"]
[Black "Peyre, Camille"]
[Result "1/2-1/2"]
[WhiteElo "1663"]
[BlackElo "1831"]
[Annotator "Salaun,Michel"]
[PlyCount "115"]
[EventDate "2008.04.27"]
[EventType "swiss"]
[EventRounds "9"]
[EventCountry "FRA"]

1. e4 c5 2. Nf3 e6 3. d4 cxd4 4. Nxd4 a6 5. Be3 Nf6 6. Bd3 Nc6 7. Nc3 Bb4 8.
O-O Bxc3 9. bxc3 d5 10. Nxc6 bxc6 11. e5 Nd7 12. Qg4 g6 13. f4 c5 14. c4 d4 15.
Bd2 Bb7 16. Rab1 Rb8 17. Rb3 Qc7 18. Rfb1 Bc6 19. Rxb8+ Nxb8 20. Be1 Nd7 21.
Bh4 O-O 22. Bg5 Rb8 23. Rxb8+ Qxb8 24. Qh4 a5 25. Bd8 Qa8 26. Qe7 Nf8 27. Qg5
Bxg2 28. Bf6 Bh1 29. Bf1 Qf3 30. Qg3 Qxg3+ 31. hxg3 Bc6 32. Bd8 a4 33. a3 Nd7
34. Kh2 Kg7 35. Kh3 f6 36. exf6+ Nxf6 37. Be7 Nd7 38. Bd6 Kf6 39. g4 h6 40. Bd3
g5 41. f5 exf5 42. Bxf5 h5 43. Kg3 h4+ 44. Kh3 Kf7 45. Bxd7 Bxd7 46. Bxc5 Be6
47. Bxd4 Bxc4 48. c3 Be2 49. Be3 {(=)} Kf6 50. Bd4+ Ke7 51. Be3 Kf6 52. Bd4+
Kf7 53. Be3 Kg6 54. Bd4 Bf1+ 55. Kh2 Kf7 56. Be3 Kg6 57. Bd4 Be2 58. Kh3
1/2-1/2

[Event "Championnat de France des Jeunes - Benj"]
[Site "LA ROCHE SUR YON"]
[Date "2008.04.26"]
[Round "8.10"]
[White "Rasamoely, Timothy"]
[Black "Roubaud, Alexandre"]
[Result "0-1"]
[WhiteElo "1760"]
[BlackElo "1949"]
[Annotator "Salaun,Michel"]
[PlyCount "110"]
[EventDate "2008.04.27"]
[EventType "swiss"]
[EventRounds "9"]
[EventCountry "FRA"]

1. e4 e5 2. Nf3 Nc6 3. Bc4 Bc5 4. c3 Nf6 5. d3 h6 6. h3 a6 7. Bb3 Ba7 8. Nbd2
d5 9. exd5 Nxd5 10. Nf1 Be6 11. Ng3 O-O 12. O-O Qd7 13. d4 exd4 14. cxd4 Rad8
15. Bxd5 Qxd5 16. Be3 Nxd4 17. Bxd4 Bxd4 18. Nxd4 Qxd4 19. Qc2 Qb6 20. a3 Rd7
21. b4 Rfd8 22. Rac1 a5 23. Qc3 axb4 24. axb4 Rd4 25. Qxc7 Qxc7 26. Rxc7 Rxb4
27. Rfc1 Rd2 28. Nf1 Ra2 29. Ne3 b5 30. Rb7 Rbb2 31. Nd1 Rc2 32. Rb1 Bc4 33.
Rb8+ Kh7 34. Rd8 Re2 35. Nc3 Rab2 36. Rxb2 Rxb2 37. Nd1 Rb1 38. Kh2 b4 39. Ne3
Be6 40. Rd2 b3 41. Nd5 Rc1 42. Nb4 Rc4 43. Nd3 Rd4 44. Rd1 Rxd3 45. Rxd3 b2 46.
Rd1 Ba2 47. Kg3 b1=Q 48. Rxb1 Bxb1 49. Kf3 g5 50. Ke3 f5 51. Kd4 Kg6 52. Ke5
Be4 53. g4 Bd3 54. f3 fxg4 55. fxg4 Bf1 0-1

[Event "Championnat de France des Jeunes - Cade"]
[Site "LA ROCHE SUR YON"]
[Date "2008.04.26"]
[Round "8.8"]
[White "Garma, Jovanka"]
[Black "Rodange, Barbara"]
[Result "1-0"]
[WhiteElo "1770"]
[BlackElo "1726"]
[Annotator "Salaun,Michel"]
[PlyCount "83"]
[EventDate "2008.04.27"]
[EventType "swiss"]
[EventRounds "9"]
[EventCountry "FRA"]

1. e4 d5 2. exd5 Nf6 3. d4 Nxd5 4. Nf3 Bg4 5. Be2 Nc6 6. a3 e6 7. O-O Bd6 8.
Nbd2 Nf4 9. Re1 Nxe2+ 10. Rxe2 O-O 11. c3 Bf4 12. Re4 Qf6 13. Qe1 Bxd2 14. Nxd2
Qg6 15. f3 Bh3 16. Qf2 Rad8 17. Nf1 Bf5 18. Re1 Na5 19. Nd2 Bd3 20. b3 Bc2 21.
b4 Nb3 22. Ra2 Nxd2 23. Bxd2 Bb3 24. Rb2 Bc4 25. Re4 Rfe8 26. Rg4 Qd3 27. h4 e5
28. dxe5 Rxe5 29. Rxg7+ Kxg7 30. Qg3+ Kf6 31. Qf4+ Qf5 32. Qxc4 Kg7 33. Qxc7
Rd7 34. Qb8 Re2 35. Bh6+ Kxh6 36. Rxe2 Qf6 37. Qf8+ Kg6 38. Qg8+ Kh6 39. Qg4
Rd3 40. c4 Rxa3 41. Rd2 Qg6 42. Rd6 1-0

[Event "Championnat de France des Jeunes - Cade"]
[Site "LA ROCHE SUR YON"]
[Date "2008.04.26"]
[Round "8.9"]
[White "Labise, Ophelie"]
[Black "Croguennoc, Laurie"]
[Result "1-0"]
[WhiteElo "1660"]
[BlackElo "1430"]
[Annotator "Salaun,Michel"]
[PlyCount "73"]
[EventDate "2008.04.27"]
[EventType "swiss"]
[EventRounds "9"]
[EventCountry "FRA"]

1. d4 d5 2. c4 e6 3. Nc3 Nf6 4. Bg5 c5 5. cxd5 Qb6 6. dxe6 cxd4 7. exf7+ Kxf7
8. Na4 Qa5+ 9. Bd2 Bb4 10. Qb3+ Nd5 11. Bxb4 Qxb4+ 12. Qxb4 Nxb4 13. Kd2 Bf5
14. Nf3 N8c6 15. Nc5 b6 16. Nb3 Rad8 17. a3 Bc2 18. Nc1 a5 19. axb4 Nxb4 20.
Na2 Nxa2 21. Rxa2 Bb3 22. Ra3 a4 23. g3 Rc8 24. Nxd4 Rhd8 25. Ke3 Re8+ 26. Kf4
Rc4 27. e3 Rb4 28. Be2 Kg6 29. Bd3+ Kh5 30. g4+ Kh6 31. h4 Rf8+ 32. Kg3 Bd5 33.
Rc1 Rxb2 34. Nf5+ Kg6 35. Ne7+ Kf6 36. Nxd5+ Ke6 37. Nf4+ 1-0

[Event "Championnat de France des Jeunes - Mini"]
[Site "LA ROCHE SUR YON"]
[Date "2008.04.27"]
[Round "9.6"]
[White "Macarry, Elodie"]
[Black "Hourlier, Claire"]
[Result "0-1"]
[WhiteElo "1805"]
[BlackElo "1907"]
[Annotator "Salaun,Michel"]
[PlyCount "119"]
[EventDate "2008.04.27"]
[EventType "swiss"]
[EventRounds "9"]
[EventCountry "FRA"]

1. e4 c5 2. Nf3 Nc6 3. Nc3 g6 4. d4 cxd4 5. Nxd4 Bg7 6. Be3 Nf6 7. Bc4 O-O 8.
Bb3 Ng4 9. Qxg4 Nxd4 10. Rd1 Nxb3 11. axb3 d5 12. Qg3 d4 13. e5 Bf5 14. Bxd4
Bxc2 15. Rd2 Bxb3 16. Bxa7 Qa5 17. Bd4 Qa1+ 18. Nd1 Qa4 19. O-O Rfd8 20. Nc3
Qb4 21. Qe3 Bf8 22. Ne4 Rac8 23. Bc3 Qa4 24. Nc5 Qb5 25. Nxb3 Qxb3 26. Rd4 Ra8
27. Qf3 Rxd4 28. Bxd4 Qxf3 29. gxf3 Ra6 30. Rd1 Re6 31. Kg2 g5 32. Rc1 Rc6 33.
Rxc6 bxc6 34. Kg3 e6 35. f4 gxf4+ 36. Kxf4 Be7 37. Ke4 Kg7 38. Kd3 Kg6 39. Ke4
Kg5 40. Kf3 Kf5 41. Kg3 {(=)} Bb4 42. Kf3 c5 43. Be3 Kxe5 44. Kg4 Ke4 45. Kg5
f5 46. Bc1 e5 47. h4 f4 48. h5 c4 49. Kh6 Bf8+ 50. Kxh7 Kf5 51. Bd2 Kg5 52. Bc3
e4 53. Bd4 Kxh5 54. Kg8 Bb4 55. Kf7 Kg4 56. Kf6 Kf3 57. Ke5 Be1 58. Kd5 Bxf2
59. Bxf2 Kxf2 60. Kxc4 0-1

[Event "Championnat de France des Jeunes - Mini"]
[Site "LA ROCHE SUR YON"]
[Date "2008.04.26"]
[Round "8.6"]
[White "Ollier, Pablo"]
[Black "Di Nicolantonio, Lucas"]
[Result "0-1"]
[WhiteElo "2147"]
[BlackElo "1959"]
[Annotator "Salaun,Michel"]
[PlyCount "98"]
[EventDate "2008.04.27"]
[EventType "swiss"]
[EventRounds "9"]
[EventCountry "FRA"]

1. d4 d5 2. c4 dxc4 3. e4 Nf6 4. e5 Nd5 5. Bxc4 Nb6 6. Bb3 Nc6 7. Nf3 Bg4 8.
Bxf7+ Kxf7 9. Ng5+ Ke8 10. Qxg4 Qxd4 11. Qe2 Qxe5 12. Be3 Nd5 13. Nf3 Qf5 14.
O-O e6 15. Bd2 Be7 16. Nc3 Nxc3 17. Bxc3 Kf7 18. Rfe1 Rhe8 19. Qc4 Bf6 20. Re4
Qd5 21. Qe2 Rad8 22. Re1 Bxc3 23. bxc3 h6 24. Nh4 Rd6 25. Qf3+ Kg8 26. c4 Qc5
27. Nf5 Rd7 28. Qh5 Qf8 29. Qg6 Kh8 30. Nh4 Qf7 31. Qg3 Rd4 32. h3 Red8 33.
R1e3 Kh7 34. Rf3 Qh5 35. Rg4 Rxg4 36. hxg4 Qe5 37. Rf7 Qxg3 38. fxg3 Rc8 39.
Nf3 Kg6 40. Rd7 e5 41. Kf2 e4 42. Nh4+ Kf6 43. Nf5 g6 44. Ne3 Ke5 45. Rh7 Kd4
46. Rxh6 Ne5 47. Rh7 Kd3 48. Re7 Rf8+ 49. Ke1 Nc6 0-1

[Event "Championnat de France des Jeunes - Mini"]
[Site "LA ROCHE SUR YON"]
[Date "2008.04.26"]
[Round "8.8"]
[White "Roussel, Julien"]
[Black "Dionisi, Thomas"]
[Result "0-1"]
[WhiteElo "1599"]
[BlackElo "2042"]
[Annotator "Salaun,Michel"]
[PlyCount "94"]
[EventDate "2008.04.27"]
[EventType "swiss"]
[EventRounds "9"]
[EventCountry "FRA"]

1. d4 g6 2. c4 Bg7 3. Nc3 d6 4. e4 e5 5. Nf3 Bg4 6. dxe5 dxe5 7. Qxd8+ Kxd8 8.
Bg5+ f6 9. O-O-O+ Nd7 10. Be3 Bh6 11. Nd5 Bxe3+ 12. Nxe3 Be6 13. Be2 c6 14. Nd2
h5 15. Nb3 Kc7 16. Rd2 a5 17. a4 Nh6 18. Rhd1 b6 19. c5 Nxc5 20. Nxc5 bxc5 21.
Bc4 Bc8 22. Rd6 Rf8 23. f3 Rb8 24. h4 Rb4 25. b3 Ng8 26. Nc2 Rb6 27. Bxg8 Rxg8
28. Rxf6 Rxb3 29. Rdd6 Bd7 30. Rxg6 Rgb8 31. Rd1 c4 32. Kd2 Rd3+ 33. Ke1 Rb2
34. Rd2 c5 35. Rg7 Kd6 36. Rxd3+ cxd3 37. Na3 Re2+ 38. Kf1 Bxa4 39. Nc4+ Ke6
40. Rg6+ Ke7 41. Rd6 Rc2 42. Rxd3 Rxc4 43. g3 Bb5 44. Ke1 Rc1+ 45. Rd1 Rxd1+
46. Kxd1 Bd3 47. Kd2 c4 0-1

[Event "Championnat de France des Jeunes - Mini"]
[Site "LA ROCHE SUR YON"]
[Date "2008.04.26"]
[Round "8.9"]
[White "Song, Julien"]
[Black "Iellatchitch, Alexandre"]
[Result "1-0"]
[WhiteElo "2214"]
[BlackElo "1991"]
[Annotator "Salaun,Michel"]
[PlyCount "93"]
[EventDate "2008.04.27"]
[EventType "swiss"]
[EventRounds "9"]
[EventCountry "FRA"]

1. d4 d5 2. Nf3 c6 3. c4 dxc4 4. e3 Be6 5. Be2 Nf6 6. O-O g6 7. a4 Bg7 8. Na3
O-O 9. Nxc4 c5 10. b3 Nc6 11. Bb2 cxd4 12. Nxd4 Nxd4 13. Bxd4 Ne4 14. Bf3 Bxd4
15. exd4 Bd5 16. Re1 Nf6 17. Rc1 Rc8 18. Rc3 Qd7 19. Bxd5 Nxd5 20. Rf3 Nf6 21.
h3 Rcd8 22. Rd3 Rfe8 23. Ne5 Qd6 24. Qd2 Kg7 25. Qf4 Qd5 26. Nc4 Nd7 27. Ne3
Qa5 28. Red1 Nf6 29. d5 Qc5 30. Qe5 Rd7 31. Rc3 Qd6 32. Qd4 Red8 33. Qxa7 Qb4
34. Rcd3 e6 35. d6 b6 36. Qa6 Rxd6 37. Rxd6 Rxd6 38. Rxd6 Qxd6 {(=)} 39. a5 Ne4
40. Qxb6 Qf4 41. Nf1 Nd2 42. Nxd2 Qxd2 43. a6 Qe1+ 44. Kh2 h5 45. a7 Qe5+ 46.
g3 Qe4 47. Qb8 1-0

[Event "Championnat de France des Jeunes - Cade"]
[Site "LA ROCHE SUR YON"]
[Date "2008.04.26"]
[Round "8.10"]
[White "Richard, Celine"]
[Black "Mallard, Ophelie"]
[Result "0-1"]
[WhiteElo "1670"]
[BlackElo "1630"]
[Annotator "Salaun,Michel"]
[PlyCount "80"]
[EventDate "2008.04.27"]
[EventType "swiss"]
[EventRounds "9"]
[EventCountry "FRA"]

1. e4 e6 2. d4 d5 3. e5 c5 4. Nf3 Bd7 5. Bd2 Nc6 6. Nc3 a6 7. Na4 cxd4 8. b3
Qc7 9. c3 dxc3 10. Bxc3 Rc8 11. Be2 Nge7 12. Nc5 Ng6 13. Nd3 Be7 14. O-O O-O
15. Rc1 Qb8 16. Re1 Rfd8 17. Rc2 Be8 18. Qa1 Qa7 19. Rec1 Qb8 20. a4 Na7 21.
Kf1 b5 22. Ba5 Rxc2 23. Rxc2 Rc8 24. Rxc8 Qxc8 25. axb5 Bxb5 26. g3 Qc2 27. Nd4
Qc8 28. Nxb5 Nxb5 29. Bb4 Qb7 30. Bxe7 Nxe7 31. Nc5 Qc6 32. Nxa6 d4 33. Kg1 Nc3
34. Bd3 Qf3 35. Nb4 g6 36. Qa7 Qd1+ 37. Kg2 Nf5 38. Qa8+ Kg7 39. Bc2 Qe2 40.
Qf3 Ne3+ 0-1

[Event "Championnat de France des Jeunes - Mini"]
[Site "LA ROCHE SUR YON"]
[Date "2008.04.26"]
[Round "8.7"]
[White "Bertrand, Quentin"]
[Black "Velten, Paul"]
[Result "0-1"]
[WhiteElo "1894"]
[BlackElo "2085"]
[Annotator "Salaun,Michel"]
[PlyCount "66"]
[EventDate "2008.04.27"]
[EventType "swiss"]
[EventRounds "9"]
[EventCountry "FRA"]

1. e4 e6 2. d4 d5 3. Nc3 Nc6 4. Nf3 Nf6 5. Bd3 Bb4 6. e5 Ne4 7. O-O Nxc3 8.
bxc3 Bxc3 9. Rb1 Nxd4 10. Nxd4 Bxd4 11. Bb5+ c6 12. Qxd4 cxb5 13. Qg4 Kf8 14.
Rb3 h5 15. Qb4+ Kg8 16. Rg3 Bd7 17. Bg5 Qc7 18. Bf6 Rh7 19. Qd2 g6 20. Qd3 Be8
21. Qa3 a5 22. Rc3 Bc6 23. Rh3 b4 24. Qe3 Bb5 25. Rc1 Rc8 26. Qg5 Qc4 27. Rh4
Qe2 28. g4 Rxc2 29. gxh5 Qxf2+ 30. Kh1 Rxc1+ 31. Qxc1 Bc6 32. Rf4 d4+ 33. Qxc6
Qe1+ 0-1

[Event "Championnat de France des Jeunes - Mini"]
[Site "LA ROCHE SUR YON"]
[Date "2008.04.27"]
[Round "9.9"]
[White "Klipper, Noemie"]
[Black "Berthelot, Maeva"]
[Result "1-0"]
[WhiteElo "1831"]
[BlackElo "1787"]
[Annotator "Salaun,Michel"]
[PlyCount "125"]
[EventDate "2008.04.27"]
[EventType "swiss"]
[EventRounds "9"]
[EventCountry "FRA"]

1. c4 Nf6 2. Nc3 e6 3. g3 Be7 4. Bg2 d5 5. cxd5 exd5 6. d4 c6 7. Nf3 h6 8. Bd2
Bf5 9. Rc1 O-O 10. O-O Nbd7 11. Na4 Ne4 12. b4 Nxd2 13. Qxd2 Nb6 14. Nb2 Re8
15. a4 Rc8 16. a5 Na8 17. Na4 Nc7 18. Nc5 Bxc5 19. bxc5 Nb5 20. Ra1 Rb8 21.
Rfc1 Bc8 22. e3 Bf5 23. Ne5 f6 24. Nd3 Be4 25. Nb4 Bxg2 26. Kxg2 Nc7 27. a6
Nxa6 28. Nxa6 bxa6 29. Rxa6 Qc7 30. Rca1 Rb7 31. Qa2 Re7 32. Qa4 Re6 33. Rxa7
Rxa7 34. Qxa7 Qf7 35. Ra6 Qg6 36. Qb7 Qe4+ 37. Kg1 Qd3 38. Ra7 Qg6 39. Ra1 Kh7
40. Qb8 Qe4 41. Qf4 Qxf4 42. gxf4 f5 43. Ra8 g5 44. fxg5 hxg5 45. Kg2 Kg7 46.
Kg3 Kg6 47. Rg8+ Kh6 48. Rf8 Kg6 49. h4 gxh4+ 50. Kxh4 Re4+ 51. Kg3 Kg5 52. Kf3
Re7 53. Rd8 Rh7 54. Rd6 Rc7 55. Re6 Rc8 56. Kg3 Rc7 57. f4+ Kh5 58. Rf6 Re7 59.
Rxf5+ Kg6 60. Re5 Rxe5 61. fxe5 Kf5 62. Kf3 Ke6 63. Kf4 1-0

[Event "Championnat de France des Jeunes - Mini"]
[Site "LA ROCHE SUR YON"]
[Date "2008.04.27"]
[Round "9.7"]
[White "Pinault, Mailys"]
[Black "De Seroux, Camille"]
[Result "0-1"]
[WhiteElo "1796"]
[BlackElo "1867"]
[Annotator "Salaun,Michel"]
[PlyCount "122"]
[EventDate "2008.04.27"]
[EventType "swiss"]
[EventRounds "9"]
[EventCountry "FRA"]

1. e4 c5 2. Nc3 d6 3. g3 Nc6 4. Bg2 g6 5. d3 Bg7 6. f4 e6 7. Nf3 Nge7 8. O-O
O-O 9. Kh1 Rb8 10. a4 a6 11. Qe1 b5 12. axb5 axb5 13. Ng5 Nd4 14. Qd1 Nec6 15.
Ne2 b4 16. Nxd4 Nxd4 17. Bd2 h6 18. Nh3 Bd7 19. e5 Bc6 20. Bxc6 Nxc6 21. Ra6
Qc8 22. Qa1 dxe5 23. Qa4 Nd4 24. Kg1 exf4 25. Nxf4 Ra8 26. Rxa8 Qxa8 27. Qxa8
Rxa8 28. c3 bxc3 29. bxc3 Nb3 30. Be1 Ra1 31. Kf2 Ra2+ 32. Kg1 Rc2 33. c4 Bd4+
34. Bf2 Nd2 35. Bxd4 Nxf1 36. Bxc5 Nxh2 37. Bd6 Nf3+ 38. Kf1 Nd4 39. Be5 Nf5
40. Ne2 Rd2 41. d4 Ne3+ 42. Ke1 Rd1+ 43. Kf2 Nxc4 44. Bf6 Nd2 45. Ke3 Nc4+ 46.
Kf2 Nd6 47. Be7 Nf5 48. Bf6 Kf8 49. g4 Nd6 50. Nf4 Ne4+ 51. Ke2 Rg1 52. Be5 Ke7
53. Nh3 Rxg4 54. Kf3 f5 55. Bb8 Ng5+ 56. Nxg5 Rxg5 57. Bg3 Rg4 58. Be5 h5 59.
Kf2 h4 60. Kf3 h3 61. Kf2 f4 0-1

[Event "Championnat de France des Jeunes - Mini"]
[Site "LA ROCHE SUR YON"]
[Date "2008.04.27"]
[Round "9.10"]
[White "Rambourg, Juliette"]
[Black "Lemaitre, Delphine"]
[Result "0-1"]
[WhiteElo "1811"]
[BlackElo "1724"]
[Annotator "Salaun,Michel"]
[PlyCount "98"]
[EventDate "2008.04.27"]
[EventType "swiss"]
[EventRounds "9"]
[EventCountry "FRA"]

1. c4 c5 2. Nf3 Nf6 3. Nc3 Nc6 4. d4 cxd4 5. Nxd4 g6 6. e4 Nxd4 7. Qxd4 Bg7 8.
e5 Ng8 9. Bf4 d6 10. Rd1 Qa5 11. c5 Bxe5 12. Bxe5 dxe5 13. Bb5+ Kf8 14. Qxe5
Nf6 15. O-O Be6 16. Rd4 Rc8 17. Ra4 Qc7 18. Qxc7 Rxc7 19. Rxa7 Kg7 20. c6 Rb8
21. Rd1 Ne8 22. Rxb7 Rcxb7 23. cxb7 Nd6 24. Bc6 Nxb7 25. Bxb7 Rxb7 26. Rd2 Kf6
27. h3 Ke5 28. a4 Bb3 29. Re2+ Kd4 30. Nb5+ Kc4 31. Re4+ Kc5 32. Nc3 f5 33.
Re5+ Kd6 34. Rb5 Rxb5 35. Nxb5+ Kc5 36. Nc3 Kb4 37. f4 Bxa4 38. Nxa4 Kxa4 39.
Kf2 Kb3 40. g4 Kxb2 41. gxf5 gxf5 42. Kg3 Kc3 43. Kh4 Kd4 44. Kg5 Ke4 45. h4 e5
46. fxe5 Kxe5 47. h5 f4 48. Kg4 Ke4 49. h6 f3 0-1

[Event "Championnat de France des Jeunes - Mini"]
[Site "LA ROCHE SUR YON"]
[Date "2008.04.27"]
[Round "9.8"]
[White "Armas, Lena"]
[Black "Uhl, Sarah"]
[Result "1-0"]
[WhiteElo "1748"]
[BlackElo "1850"]
[Annotator "Salaun,Michel"]
[PlyCount "55"]
[EventDate "2008.04.27"]
[EventType "swiss"]
[EventRounds "9"]
[EventCountry "FRA"]

1. e4 c5 2. Nf3 e6 3. d4 cxd4 4. Nxd4 Nf6 5. Nc3 d6 6. Bg5 Be7 7. Bd3 Nc6 8.
Nb3 a6 9. Qd2 b5 10. a3 Bb7 11. g3 Qc7 12. f4 Rc8 13. Na2 Qb6 14. O-O-O Nd4 15.
Nxd4 Nxe4 16. Bxe4 Bxe4 17. Rhe1 Bg6 18. Bxe7 Kxe7 19. Kb1 Kf8 20. Qe3 Qc7 21.
Nc3 Rb8 22. Qxe6 fxe6 23. Nxe6+ Kf7 24. Nxc7 b4 25. axb4 Rxb4 26. N3d5 Rc4 27.
Re7+ Kf8 28. Ne6+ 1-0

[Event "Championnat de France des Jeunes - Cade"]
[Site "LA ROCHE SUR YON"]
[Date "2008.04.27"]
[Round "9.6"]
[White "Li, Frederic"]
[Black "Coste, Roman"]
[Result "1-0"]
[WhiteElo "2176"]
[BlackElo "1910"]
[Annotator "Salaun,Michel"]
[PlyCount "53"]
[EventDate "2008.04.27"]
[EventType "swiss"]
[EventRounds "9"]
[EventCountry "FRA"]

1. Nf3 Nf6 2. c4 c6 3. d4 d5 4. Nc3 e6 5. e3 Nbd7 6. Qc2 Bd6 7. b3 O-O 8. Bd3
e5 9. cxd5 cxd5 10. dxe5 Nxe5 11. Nxe5 Bxe5 12. Bb2 Be6 13. f4 Bc7 14. O-O a6
15. Kh1 Rc8 16. Qe2 Re8 17. h3 h5 18. Rad1 Qe7 19. e4 dxe4 20. Nxe4 Nxe4 21.
Qxe4 f5 22. Qxb7 g5 23. Bxa6 Rb8 24. Qf3 g4 25. Qc3 Qh7 26. Rde1 Bd5 27. Bc4
1-0